Fill in the Sentences - Statistics

General Stats
  • This quiz has been taken 133 times
    106 since last reset
  • The average score is 11 of 15
Answer Stats
Sentence % Correct
The quick brown fox {jumps} over the lazy dog.
91%
Am {I} the best person you know?
84%
Have {you} ever done a multiplication problem?
83%
Math {is} very hard
83%
Thank {you} very much.
80%
Oh my {God}, you are so annoying.
78%
Pretty please, do {this} English essay for me.
74%
Die, {you} dirty rotten scoundrel!
72%
Will you {go} to the dance with me?
70%
Have you {ever} stepped in dog doo?
68%
Jimmy, {will} you go to the store?
65%
Yo mama so {fat}, I saw that she needed a license plate.
56%
Could you {please} get this wonderful present for him?
55%
I {got} this
55%
Hey, {go} get the cheese.
51%
No matching quizzes found
Score Distribution
Percent of People with Each Score
Percentile by Number Answered
Your Score History
You have not taken this quiz since the last reset